Indic studies in Poland

Elmentve itt :
Bibliográfiai részletek
Szerző: Słuszkiewicz Eugeniusz
Dokumentumtípus: Cikk
Megjelent: 1959
Sorozat:The Indo-Asian Culture
Kulcsszavak:Indológia, Kultúra - indiai
Tárgyszavak:
Online Access:http://misc.bibl.u-szeged.hu/65512
LEADER 00786nab a2200241 i 4500
001 misc65512
005 20230530081357.0
008 230414s1959 hu o 0|| eng d
040 |a SZTE Miscellanea Repozitórium  |b hun 
041 |a eng 
100 1 |a Słuszkiewicz Eugeniusz 
245 1 0 |a Indic studies in Poland  |h [elektronikus dokumentum] /  |c  Słuszkiewicz Eugeniusz 
260 |c 1959 
300 |a 412-422  |c 25 cm 
300 |a [11] p.  |c 25 cm 
490 0 |a The Indo-Asian Culture 
561 |a Németh Gyula hagyaték 
591 |a NOI 5645 
650 4 |a Bölcsészettudományok 
650 4 |a Történettudomány és régészet 
650 4 |a Nyelvek és irodalom 
695 |a Indológia, Kultúra - indiai 
856 4 0 |u http://misc.bibl.u-szeged.hu/65512/1/5645_noi.pdf  |z Dokumentum-elérés